000 00741cam a2200205 i 4500
020 _a9781473908109
_q(pbk)
082 _a364.145
100 1 _aNurse, Angus,
_eauthor.
245 1 3 _aAn introduction to green criminology & environmental justice /
_cAngus Nurse.
260 _aLondon :
_bSage publications,
_c2016.
300 _axii, 222 pages ;
_c24 cm.
504 _aIncludes bibliographical references (pages 197-216) and index.
650 0 _aOffenses against the environment.
_990095
650 0 _aCriminology.
_990096
942 _2ddc
_cBK
999 _c588307
_d588307